Statistieken voor Uefa Europa League winnaars

Klik hier om de quiz te nemen!

Algemene statistieken

  • Deze quiz is 15 keer genomen
    (3 sinds de laatste reset)
  • De gemiddelde score is 17 van 53

Antwoordstatistieken

JaarClub% Correct
2006Sevilla
100%
2020Sevilla
100%
2023Sevilla
100%
2016Sevilla
100%
2015Sevilla
100%
2014Sevilla
100%
2007Sevilla
100%
1992Ajax
67%
2010Atlético Madrid
67%
2018Atlético Madrid
67%
2012Atlético Madrid
67%
2002Feyenoord
67%
1974Feyenoord
67%
1978PSV
67%
2024Atalanta Bergamo
33%
1996Bayern München
33%
2019Chelsea
33%
2013Chelsea
33%
1980Eintracht Frankfurt
33%
2022Eintracht Frankfurt
33%
2011FC Porto
33%
2003FC Porto
33%
1976Liverpool
33%
1973Liverpool
33%
2001Liverpool
33%
2017Manchester United
33%
1983RSC Anderlecht
33%
2021Villarreal
33%
2008Zenit Sint Petersburg
33%
1988Bayer Leverkusen
0%
1975Borussia Mönchengladbach
0%
1979Borussia Mönchengladbach
0%
2005CSKA Moskou
0%
1997FC Schalke 04
0%
2000Galatasaray
0%
1987IFK Göteborg
0%
1982IFK Göteborg
0%
1998Internazionale
0%
1994Internazionale
0%
1991Internazionale
0%
1981Ipswich Town
0%
1990Juventus
0%
1993Juventus
0%
1977Juventus
0%
1989Napoli
0%
1995Parma AC
0%
1999Parma AC
0%
1986Real Madrid
0%
1985Real Madrid
0%
2009Shakhtar Donetsk
0%
1984Tottenham Hotspur
0%
1972Tottenham Hotspur
0%
2004Valencia
0%

Scoreverdeling

Percentiel versus Aantal Correcte Antwoorden

Procent van Mensen met Elke Score

Uw Scoregeschiedenis

U heeft deze quiz nog niet genomen sinds de laatste reset